1986 1734 1250 1408 1137 1914 1278 1816 1601 1054 1128 1779 1206 1461 1447 1126 1860 1652 1965 1123 1883 1643 1357 1042 1215 1274 1466 1276 1658 1486 1579 1537 1473 1548 1250 1539 1709 1294 1640 1024 1433 1198 1352 1572 1211 1114 1670 1228 1842 1579 1448 1224 1299 1223 1855 1795 1547 1186 1466 1909 1816 1468 1675 1627 1473 1607 1324 1078 1350 1563 1550 1492 1350 1997 1436 1494 1928 1737 1659 1118 1570 1054 1557 1518 1435 1111 1439 1082 1281 1606 1984 1969 1062 1513 1068 1855 1356 1533 1041 BCNSPRNW ULIB Ver.6.0+V

เปลี่ยนเป็นภาษาไทย

Change to English
 แสดงรายละเอียดบรรณานุกรม
  กลับหน้าหลัก

Brief Record : Get Marc (ISO 2709) : E-mail record : QR code < ปิดหน้าต่าง
LEADER : 00000nam 2200000uu 4500
001    13399120303
003     ULIB
008    020711s2549 th a 000 0 tha d
020    9789749449684
050    QV55 ก344ย
100    ใกล้หมอ
245    วิตามินและยาน่ารู้/^cใกล้หมอ
250    พิมพ์ครั้งที่ 1
260    กรุงเทพฯ :^bใกล้หมอ,^c2549
650    ยา^xการใช้ยา
945    ^p0^l0^i24884
999    ^aทศพร เกษรทอง
รายการนี้ยังไม่มีแท็ก
คุณยังไม่ได้ล็อกอิน คุณสามารถมีกิจกรรมร่วมกับเว็บไซต์ได้ แต่ต้องล็อกอินก่อน ::
  ล็อกอิน

รายการสื่อสารสนเทศ

ลำดับที่ ประเภท เลขเรียก/บาร์โค้ด สถานที่ สถานะ
1. วิทยาศาสตร์การแพทย์ และสุขภาพ
วิทยาศาสตร์การแพทย์ และสุขภาพ
QV55 ก344ย  
  Barcode: 24884
ห้องสมุดวิทยาเขตสวรรค์ประชารักษ์
►หนังสือทั่วไป
บนชั้น

รายการใกล้เคียง
    ผู้แต่ง [ใกล้หมอ]

BibComment


ยังไม่เคยถูกคอมเมนท์

คอมเมนท์ทรัพยากรรายการนี้
  คอมเมนท์: วิตามินและยาน่ารู..


 Copyright 2026. Bcnsprnw @Library